Normal view
MARC view
Entry Topical Term
001 - CONTROL NUMBER
- control field: 13675
003 - CONTROL NUMBER IDENTIFIER
- control field: dpl
005 - DATE AND TIME OF LATEST TRANSACTION
- control field: 20100814164536.0
008 - FIXED-LENGTH DATA ELEMENTS
- fixed length control field: 100814|||a|||||| | ||| d
040 ## - CATALOGING SOURCE
- Original cataloging agency: dpl
- Transcribing agency: dpl
150 ## - HEADING--TOPICAL TERM
- Topical term or geographic name as entry element: Local goverment
670 ## - SOURCE DATA FOUND
- Source citation: Work cat.: (dpl): Citizens' Report on Governance and development 2008-09 /, 2009
670 ## - SOURCE DATA FOUND
- Source citation: Work cat.: (dpl): Citizens' Report on Governance and development 2008-09 /, 2009
